000 00665nam a22002297a 4500
003 OSt
005 20141103182532.0
008 141013b xxu||||| |||| 00| 0 eng d
020 _a978-607-481-036-3
040 _cBMC
082 _a658.15
082 _a332.068
100 1 _926493
_aMadura, Jeff‏
245 1 0 _aAdministración financiera internacional
_cJeff Madura
250 _a9ª ed
260 _aMéxico D.F. [etc.]
_bCengage Learning
_ccop. 2009
300 _aXXIII, 647 p.
_c27 cm
595 _aTraducción de: International Financial Management
650 2 4 _95713
_aEmpresas
_xFinanzas
650 2 4 _96088
_aDirección financiera
942 _2ddc
_cBK
999 _c14699
_d14699